Online katalóg knižníc regiónu Turca

Šťastie dám / (Record no. 21077)

MARC details
000 -LEADER
fixed length control field 01035nam a22003251a 4500
001 - CONTROL NUMBER
control field 21077
003 - CONTROL NUMBER IDENTIFIER
control field CZ PrNK
005 - DATE AND TIME OF LATEST TRANSACTION
control field 20260212142427.0
007 - PHYSICAL DESCRIPTION FIXED FIELD--GENERAL INFORMATION
fixed length control field ta
008 - FIXED-LENGTH DATA ELEMENTS--GENERAL INFORMATION
fixed length control field 040827s1966 xo g 000 f slo
020 ## - INTERNATIONAL STANDARD BOOK NUMBER
Qualifying information (Váz.)
040 ## - CATALOGING SOURCE
Original cataloging agency ABA001
Language of cataloging cze
Transcribing agency ABA001
Modifying agency ABA001
041 1# - LANGUAGE CODE
Language code of text/sound track or separate title slo
Language code of original fre
072 #7 - SUBJECT CATEGORY CODE
Subject category code 821.133.1-3
Subject category code subdivision Francouzská próza, francouzsky psaná
Source Konspekt
080 ## - UNIVERSAL DECIMAL CLASSIFICATION NUMBER
Universal Decimal Classification number 821.133.1-31
Edition identifier MRF
080 ## - UNIVERSAL DECIMAL CLASSIFICATION NUMBER
Universal Decimal Classification number (0:82-31)
Edition identifier MRF
100 1# - MAIN ENTRY--PERSONAL NAME
Personal name Zola, Émile,
Dates associated with a name 1840-1902
Relationship aut
240 10 - UNIFORM TITLE
Uniform title Au bonheur des dames.
Language of a work Slovensky
245 10 - TITLE STATEMENT
Title Šťastie dám /
Statement of responsibility, etc. Emile Zola ; z franc. orig. ... Au bonheur des dames... prel. Ondrej Žiška
250 ## - EDITION STATEMENT
Edition statement 1. vyd.
260 ## - PUBLICATION, DISTRIBUTION, ETC.
Place of publication, distribution, etc. Bratislava :
Name of publisher, distributor, etc. Tatran,
Date of publication, distribution, etc. 1966
300 ## - PHYSICAL DESCRIPTION
Extent 382 s. ;
Dimensions
490 1# - SERIES STATEMENT
Series statement Hviezdoslavova knižnica ;
Volume/sequential designation zv. 128.
Series statement Svetový rad ;
Volume/sequential designation zv. 53
500 ## - GENERAL NOTE
General note Frontisipce
655 #7 - INDEX TERM--GENRE/FORM
Genre/form data or focus term francouzské romány
Source of term czenas
700 1# - ADDED ENTRY--PERSONAL NAME
Personal name Žiška, Ondrej
Relationship trl
830 #0 - SERIES ADDED ENTRY--UNIFORM TITLE
Uniform title Hviezdoslavova knižnica (Tatran).
Name of part/section of a work Svetový rad
910 ## - USER-OPTION DATA (OCLC)
User-option data ABA001
942 ## - ADDED ENTRY ELEMENTS (KOHA)
Source of classification or shelving scheme Dewey Decimal Classification
Koha item type Krásna literatúra pre dospelých
Suppress in OPAC No
Holdings
Stav vyradenia Strata Poškodenie Spôsob nadobudnutia Domovská knižnica Aktuálna knižnica Dátum nadobudnutia Total checkouts Čiarový kód exemplára Date last seen Typ exemplára
      Dar Obecná knižnica Horná Štubňa Obecná knižnica Horná Štubňa 12.02.2026   4736201236 12.02.2026 Krásna literatúra pre dospelých
Projekt je podporený Slovenskou asociáciou knižníc
Prevádzkuje Turčianska knižnica Martin 2026